Formula one quiz from easy to hard - Statistics

General Stats
  • This quiz has been taken 89 times
  • The average score is 6 of 10
Answer Stats
Difficulty Question Answer % Correct
Level 2 Wich Formula one team has a red car? Ferrari
100%
Level 1 Who won the 2024 drivers championship? Max Verstappen
100%
Level 4 Who was the first driver to get 7 formula one championships? Michael Schumacher
100%
Level 3 What is the name of the first place during qualifying? Pole position
92%
Level 6 What was the former name of Formula 2? GP2
63%
Level 5 At wich formula one track did crash gate happend? Singapore
61%
Level 10 Who came in third at the 2014 Canadian GP? Sebastian Vettel
33%
Level 8 What animal was on the trophie of the last French GP held in 2022? Gorilla
28%
Level 7 Who was the team principle of Renualt from 2014-2020? Cyril Abiteboul
23%
Level 9 With wich team did James Hunt drove his last formula one GP? Wolf Racing
5%
No matching quizzes found
Score Distribution
Percent of People with Each Score
Percentile by Number Answered
Your Score History
You have not taken this quiz